| 000 | 00891nam a2200229 a 4500 | ||
|---|---|---|---|
| 001 | BRCA_2588 | ||
| 005 | 20190320203859.0 | ||
| 008 | 281108s1929----mx-#---###---#000-0#spa-# | ||
| 050 | 4 |
_aF1231 _b.B46 1929 |
|
| 100 | 1 |
_aBenítez, José R. _97390 |
|
| 245 | 1 | 0 |
_aHistoria gráfica de la Nueva España _cpor José R. Benítez. |
| 260 |
_aMéxico _bCámara Oficial Española de Comercio _c1929 |
||
| 300 |
_a305 p. _bil., (algunas a color) mapas _c29 cm. |
||
| 500 | _aEditada, recopilada y redactada por iniciativa de la Cámara Oficial Española en los Estados Unidos Mexicanos | ||
| 500 | _aIncluye apéndices | ||
| 500 | _aA65 | ||
| 650 | 1 | 4 |
_aMéxico _eHistoria _yGuerra de Independencia, 1810-1821 _97391 |
| 650 | 1 | 4 |
_aMéxico _eHistoria _yPeriodo colonial, 1540-1810 _97392 |
| 710 | 2 |
_aCámara Oficial Española de Comercio en los Estados Unidos _97393 |
|
| 902 | _aGFM | ||
| 942 |
_2lcc _cB |
||
| 999 |
_c2328 _d2328 |
||